MARC

LEADER 00000nam0a2200000 4500
001 120192
005 20240123164612.0
010 |b 400 экз. 
035 |a (RuTPU)RU\TPU\book\130138 
090 |a 120192 
100 |a 20070820d1942 k y0rusy50 ca 
101 0 |a rus 
102 |a RU 
105 |a af j 001zy 
200 1 |a Главнейшие рудообразующие минералы  |f Ф. Н. Шахов  |g Западно-Сибирское геологическое управление ; Томский индустриальный институт (ТИИ) имени С. М. Кирова 
210 |a Томск  |c Издание Западно-Сибирского геологического управления  |d 1942 
215 |a 126 с.  |c ил. 
300 |a Подписано к печати 13.05.1942 г. 
320 |a Библиогр.: с. 126 
606 1 |a Рудообразующие минералы  |x Сруктура  |2 stltpush  |3 (RuTPU)RU\TPU\subj\26055  |9 50069 
610 1 |a минераграфия 
610 1 |a изотропные минералы 
610 1 |a анизотропные минералы 
610 1 |a прозрачные минералы 
610 1 |a свойства 
610 1 |a характеристика 
610 1 |a описания 
610 1 |a руководства 
610 1 |a труды учёных ТПУ 
610 1 |a Коллекция ТПУ 
610 1 |a Коллекция: 1941-1945 гг. 
610 1 |a Великая Отечественная война 1941-1945 гг. 
675 |a 553.2.062(07)  |v 3 
700 1 |a Шахов  |b Ф. Н.  |c российский геолог  |c профессор Томского политехнического института  |f 1894-1971  |g Феликс Николаевич  |3 (RuTPU)RU\TPU\pers\505 
712 0 2 |a Западно-Сибирское геологическое управление  |3 (RuTPU)RU\TPU\col\2065 
712 0 2 |a Томский индустриальный институт (ТИИ)  |c (1934-1944)  |3 (RuTPU)RU\TPU\col\9243 
801 1 |a RU  |b 63413507  |c 20070820  |g PSBO 
801 2 |a RU  |b 63413507  |c 20210112  |g PSBO 
942 |c BK